00814nam a2200241Ia 4500003000900000008004100009040001300050040001300063041000800076100001900084245002800103250001000131260002100141260000900162300001100171300001000182490003600192490000600228600011300234942000700347999001700354952020100371IT-RoPAU120407s9999 xx 000 0 und d aIT-RoPAU cIT-RoPAU aita aBenhard Haring aIl cristiano e il mondo aRoma  aEdizioni Paoline c1969 a131 p. c18 cm aPunti scottanti di teologia, 29 v1 a"Tit. orig.: Zusage an die Welt. Trad. C. Mariani I. Cristianesimo, Sec. XX I - Mariani, Claudio. 230. " cBK c25172d25172 00102ddc406208_22290000000000071aPAULUSbPAULUSd2012-04-11l0o208.2229r2012-04-11 00:00:00w2012-04-11yBKzInserito da: LUCIA In data: 02 settembre 2011 fondo: Via A.Severo 56 Progr:12330